Fiktívne firmy potrebujú reálne peniaze. Študentov obchodných akadémii možno "ušiť" na mieru.

Činnosť Centra pre fiktívne firmy pôsobiace pri Katedre pedagogiky NHF Ekonomickej univerzity v Bratislave - poradenstvo a koordinácia zakladania fiktívnych firiem pri obchodných akadémiách, v ktorých študenti získavajú v čase štúdia potrebné praktické zručnosti a skúsenosti simulovaním činnosti reá...

Descrizione completa

Salvato in:
Dettagli Bibliografici
Autore principale: Šimovcová, Ivana
Natura: Capitolo di libro
Lingua:slovacco
Soggetti:
Tags: Aggiungi Tag
Nessun Tag, puoi essere il primo ad aggiungerne!!

MARC

LEADER 00000naa a2200000 4500
001 r011728
005 20220826090741.6
041 0 |a slo 
044 |a [CS] 
245 1 0 |a Fiktívne firmy potrebujú reálne peniaze.  |b Študentov obchodných akadémii možno "ušiť" na mieru.  |c Ivana Šimovcová 
520 |a Činnosť Centra pre fiktívne firmy pôsobiace pri Katedre pedagogiky NHF Ekonomickej univerzity v Bratislave - poradenstvo a koordinácia zakladania fiktívnych firiem pri obchodných akadémiách, v ktorých študenti získavajú v čase štúdia potrebné praktické zručnosti a skúsenosti simulovaním činnosti reálnej firmy. 
610 2 0 |a školy odborné stredné 
610 2 0 |a škola a prax 
610 2 0 |a Ekonomická univerzita v Bratislave 
610 2 0 |a prax odborná 
100 1 |a Šimovcová, Ivana